The Japanese steel industry : With an analysis of the U. S. steel import problem
保存先:
| 第一著者: | |
|---|---|
| フォーマット: | 図書 |
| 言語: | Undetermined |
| 出版事項: |
New York
Praeger
1972
|
| 主題: | |
| タグ: |
タグ追加
タグなし, このレコードへの初めてのタグを付けませんか!
|
| Thư viện lưu trữ: | Trung tâm Học liệu Trường Đại học Cần Thơ |
|---|
| LEADER | 00552nam a2200205Ia 4500 | ||
|---|---|---|---|
| 001 | CTU_99740 | ||
| 008 | 210402s9999 xx 000 0 und d | ||
| 082 | |a 669.142 | ||
| 082 | |b K63 | ||
| 100 | |a Kiyoshi, Kawahito | ||
| 245 | 4 | |a The Japanese steel industry : | |
| 245 | 0 | |b With an analysis of the U. S. steel import problem | |
| 245 | 0 | |c Kiyoshi Kawahito | |
| 260 | |a New York | ||
| 260 | |b Praeger | ||
| 260 | |c 1972 | ||
| 650 | |a Steel industry | ||
| 650 | |z Japan | ||
| 904 | |i Truc | ||
| 980 | |a Trung tâm Học liệu Trường Đại học Cần Thơ | ||